000 00644nam a2200205 i 4500
001 146929
003 ES-MaACL
005 20230906201733.0
007 t|
008 070919s1973 sp ||||1| spa d
080 _a338.962(100)
100 1 _aTugendhat, Christopher.
_9111656
245 1 4 _aLas empresas multinacionales /
_cChristopher Tugendhat ; [traductores, Antonio Masieu y Carmen Vergara].
260 _aMadrid :
_bAlianza,
_c[1973]
300 _a304 p. :
_bil. ;
_c18 cm.
650 1 4 _aMultinacionales.
_915352
700 1 _aMasieu, Antonio.
_978721
700 1 _aVergara, Carmen.
_9114082
852 _aES-MaACL
_jC-53370
_bR.86408
999 _c146929
_d146929